000 00358nam a2200133Ia 4500
008 240624s9999 xx 000 0 und d
041 _aeng
082 _a332.6 KIE
100 _aKLEINTOP JEFFREY
245 _aMARKET EVOLUTION HOW TO PROFIT IN TODAY
260 _c2006
_aNew Jersey
_bJohn Wiley and Sons
300 _aix, : 214 : p. : cm. ; 23
365 _c
_b28
999 _c7847
_d7847